00378cam a2200145ua 450000100060000000800390000604000090004508200100005410000290006424500530009326000410014630000100018765300190019765300160021611363190914n ii |||gr||||Z||||||eng cMAIN a821.5 aAlexander Pope,eAuthor. aPope`s Rape of the lockcEdited by George Holden aDelhi:bSurjeet Publications,c2016. a102p. aEnglish poetry aEpic poetry